Body reflexology : healing at your fingertips
| Main Author: | |
|---|---|
| Format: | Book |
| Published: |
New York :
Parker Publishing Company ,
1983
|
| Subjects: |
MARC
| LEADER | 00000cam a2200000 7i4500 | ||
|---|---|---|---|
| 001 | 0000008496 | ||
| 002 | 000009258 | ||
| 005 | .0 | ||
| 020 | |a 0130796816 | ||
| 090 | 0 | 0 | |a 615.822 |b CAR |
| 100 | 1 | |a Carter, Mildred | |
| 245 | 1 | 0 | |a Body reflexology : |b healing at your fingertips |c Mildred Carter |
| 260 | |a New York : |b Parker Publishing Company , |c 1983 | ||
| 300 | |a 233p. : |b ill. ; |c 23cm. | ||
| 650 | 0 | 0 | |a Reflexology (Therapy) |
| 999 | |a 017288 |b BUKU |c PINJAMAN |e PERPUSTAKAAN KOMUNITI PETALING JAYA | ||
| 999 | |a 17288 |b BUKU |c PINJAMAN |e PERPUSTAKAAN KOMUNITI PETALING JAYA | ||